BSOP header

The Camino Real to freedom and other notes on Philippine history and culture / (Record no. 40875)

MARC details
000 -LEADER
fixed length control field 01030cam a2200301 i 4500
001 - CONTROL NUMBER
control field 20052414
005 - DATE AND TIME OF LATEST TRANSACTION
control field 20180301161316.0
008 - FIXED-LENGTH DATA ELEMENTS--GENERAL INFORMATION
fixed length control field 171011s2016 ph 000 0 eng d
010 ## - LIBRARY OF CONGRESS CONTROL NUMBER
LC control number 2017344747
020 ## - INTERNATIONAL STANDARD BOOK NUMBER
International Standard Book Number 9789715067904
035 ## - SYSTEM CONTROL NUMBER
System control number (OCoLC)ocn973732576
040 ## - CATALOGING SOURCE
Original cataloging agency EYM
Language of cataloging eng
Transcribing agency EYM
Description conventions rda
Modifying agency OCLCO
-- WAU
-- OCLCF
-- LOA
-- DLC
042 ## - AUTHENTICATION CODE
Authentication code lccopycat
-- lcode
043 ## - GEOGRAPHIC AREA CODE
Geographic area code a-ph---
100 1# - MAIN ENTRY--PERSONAL NAME
Personal name Torres, Jose Victor Z.,
Relator term author.
245 14 - TITLE STATEMENT
Title The Camino Real to freedom and other notes on Philippine history and culture /
Statement of responsibility, etc José Victor Z. Torres.
264 #1 - PRODUCTION, PUBLICATION, DISTRIBUTION, MANUFACTURE STATEMENTS
Place of production, publication, distribution, manufacture Manila, Philippines :
Name of producer, publisher, distributor, manufacturer <a href="UST Publishing House,">UST Publishing House,</a>
Date of production, publication, distribution, manufacture 2016.
300 ## - PHYSICAL DESCRIPTION
Extent xviii, 213 pages ;
Dimensions 23 cm.
336 ## - CONTENT TYPE
Content Type Term text
Content Type Code txt
Source rdacontent
337 ## - MEDIA TYPE
Media Type Term unmediated
Media Type Code n
Source rdamedia
338 ## - CARRIER TYPE
Carrier Type Term volume
Carrier Type Code nc
Source rdacarrier
546 ## - LANGUAGE NOTE
Language note In English.
651 #0 - SUBJECT ADDED ENTRY--GEOGRAPHIC NAME
Geographic name Philippines
General subdivision Civilization.
651 #0 - SUBJECT ADDED ENTRY--GEOGRAPHIC NAME
Geographic name Philippines
General subdivision Social life and customs.
651 #0 - SUBJECT ADDED ENTRY--GEOGRAPHIC NAME
Geographic name Philippines
General subdivision History.
710 2# - ADDED ENTRY--CORPORATE NAME
Corporate name or jurisdiction name as entry element University of Santo Tomas Publishing House,
Relator term publisher.
942 ## - ADDED ENTRY ELEMENTS (KOHA)
Source of classification or shelving scheme Library of Congress Classification
Item type Books
Holdings
Withdrawn status Lost status Source of classification or shelving scheme Damaged status Not for loan Home library Current library Shelving location Date acquired Source of acquisition Cost, normal purchase price Inventory number Total Checkouts Full call number Barcode Date last seen Price effective from Koha item type
    Library of Congress Classification     BSOP Library BSOP Library Filipiniana 03/01/2018   245.00 39486   DS664 T63 2016 00049486 03/01/2018 03/01/2018 Books
BSOP

Biblical Seminary of the Philippines
  All rights Reserved
  © 2024

CONTACT INFORMATION

Biblical Seminary of the Philippines,
  77-B Karuhatan Road, Valenzuela City,
  PHILIPPINES 1441
  Phone: +632 8292-6795 / 8292-6798
  Fax : +632 8292-6675
  Email: library@bsop.edu.ph